01022 2200361 4500001002100000005001500021035002000036007000300056040001600059100003300075245004200108250001200150300003600162504002900198020002200227041000800249082001200257084001800269090001900287264003200306336002100338337003000359338002300389650001500412850001000427008004100437500003300478700004900511700003700560990002100597990002100618990002100639INLIS00000000000469120260524031820 a0010-0122000323ta aSPBUPDbind0 aSamsul Munir AminePengarang1 aThe World Idol :bMuhammad Rasulullah a.-Cet.1 axv, 376 hal. :billus. ;c19 cm abibliografi, hlm 369-372 a978-979-9392-78-7 aind a297.911 a297.911 SAM t a291 BAK r 2-24 a.--jakarta :bHamzah,c2008 2rdacontentaTeks 2rdamediaaTanpa Perantara 2rdacarrieravolume 4aRasulullah aPUPAD260524 0  aTentang Penulis, hlm 373-375 apengarang ke 2, Haryanto Al-FandiePengarang aEditor, M. DzikrullahePengarang a022/Br/KAPD/2011 a023/Br/KAPD/2011 a024/Br/KAPD/2011